00622nam a2200157 a 450000100100000000500170001000800410002704000250006824500570009324600270015026000610017730000360023804900090027495201640028399900170044700003099020200930062631.0110609s1932 dr 000 0 spa d aDO-SdBNPbspacBNPHU03aLa República Dominicana =bthe dominican Republic.10athe dominican Republic aLa Habana :bEditorial Cubana,c1932.fImp. La Milagrosa a207 p. :bil., retrs. ;c27 cm. aBNPD 001050718RVaPDbPDcCTd2011-06-09iLF1l0o p30990-10r2020-06-25w2020-06-25y1zPerteneció a la biblioteca personal de Martínez Boog.ZNo se presta c30482d30482